| 000 | 01190nam a2200301Ia 4500 | ||
|---|---|---|---|
| 001 | ebr10367677 | ||
| 003 | CaPaEBR | ||
| 006 | m u | ||
| 007 | cr cn||||||||| | ||
| 008 | 991001s2003 ne a sb 000 0 eng d | ||
| 020 | _z9780762308668 | ||
| 040 |
_aCaPaEBR _cCaPaEBR |
||
| 035 | _a(OCoLC)826516788 | ||
| 050 | 1 | 4 |
_aHD57.7 _b.A383 2003eb |
| 245 | 0 | 0 |
_aAdvances in global leadership. _nVolume 3 _h[electronic resource] / _cedited by William H. Mobley. |
| 260 |
_aAmsterdam ; _aBoston : _bJAI Press, _c2003. |
||
| 300 |
_axv, 407 p. : _bill. |
||
| 490 | 0 |
_aAdvances in global leadership ; _vv. 3 |
|
| 504 | _aIncludes bibliographical references. | ||
| 533 |
_aElectronic reproduction. _bPalo Alto, Calif. : _cebrary, _d2013. _nAvailable via World Wide Web. _nAccess may be limited to ebrary affiliated libraries. |
||
| 650 | 0 | _aExecutive ability. | |
| 650 | 0 |
_aInternational business enterprises _xManagement. |
|
| 650 | 0 | _aLeadership. | |
| 655 | 7 |
_aElectronic books. _2local |
|
| 700 | 1 | _aMobley, William H. | |
| 710 | 2 | _aebrary, Inc. | |
| 856 | 4 | 0 |
_uhttp://site.ebrary.com/lib/rucke/Doc?id=10367677 _zAn electronic book accessible through the World Wide Web; click to view |
| 999 |
_c108610 _d108610 |
||